Balkan prehistory : exclusion, incorporation and identity

Αποθηκεύτηκε σε:
Λεπτομέρειες βιβλιογραφικής εγγραφής
Κύριος συγγραφέας: Bailey, Douglass W. (Douglass Whitfield) 1963-
Μορφή: Βιβλίο
Γλώσσα:English
Δημοσίευση: London : Routledge, 2000
Θέματα:
Ετικέτες: Προσθήκη ετικέτας
Δεν υπάρχουν, Καταχωρήστε ετικέτα πρώτοι!

MARC

LEADER 00000nam a2200000 i 4500
001 1/77274
008 050526s2000 eng d
020 |a 0-415-21598-6 
035 |l 10078198 
040 |a GR-MY-UA  |b gre  |e aacr 
041 0 |a eng 
082 0 |a 939.8  |2 (22) 
100 1 |a Bailey, Douglass W. (Douglass Whitfield)  |d 1963- 
245 1 0 |a Balkan prehistory :  |b exclusion, incorporation and identity /  |c Douglass W. Bailey 
260 |a London :   |b Routledge,   |c 2000 
300 |a xvi, 350 σ.;  |b εικ.;  |c 24 εκ. 
504 |a Περιέχει βιβλιογραφικές παραπομπές και ευρετήριο 
650 0 0 |a Antiquities, Prehistoric  |z Balkan Peninsula. 
650 0 0 |a Prehistoric peoples  |z Balkan Peninsula. 
651 0 |a Balkan Peninsula  |x Antiquities. 
852 |a INST  |b LESVOS  |e 20050526  |h 939.8 BAI  |p 005100027637  |q 005100027637  |t BK  |y 0 
852 |a INST  |b LESVOS  |e 20050901  |h 939.8 BAI  |p 005100031899  |q 005100031899  |t BK  |y 0 
852 |a INST  |b LESVOS  |e 20050901  |h 939.8 BAI  |p 005100031900  |q 005100031900  |t BK  |y 0 
852 |a INST  |b LESVOS  |e 20050901  |h 939.8 BAI  |p 005100031901  |q 005100031901  |t BK  |y 0 
852 |a INST  |b LESVOS  |e 20050901  |h 939.8 BAI  |p 005100031902  |q 005100031902  |t BK  |y 0 
901 |a BIBL1-2005-2 
909 |a Λ  |b 113459 
909 |a Λ  |b 113460 
909 |a Λ  |b 113461 
909 |a Λ  |b 113462 
909 |a Λ  |b 113463 
920 |a ΔΙΕΥΡΥΝΣΗ  |b ΕΠΕΑΕΚ-ΠΤΕ  |y ΛΕΣΒΟΣ  |z 2004-09 
970 |a ΜΑΡΙΝΑΤΟΥ  |b ΜΥΡΣΙΝΗ  |z 2005/05/26